Every Plies Song on the Billboard Hot 100 - Statistics

General Stats
  • This quiz has been taken 19 times
    13 since last reset
  • The average score is 7 of 15
Answer Stats
# Year Song % Correct
9 2007 Shawty ft. T-Pain
80%
19 2007 I'm So Hood (DJ Khaled) ft. T-Pain, Trick Daddy & Rick Ross
70%
31 2009 Put It On Ya ft. Chris J
60%
96 2009 Want It, Need It ft. Ashanti
60%
7 2008 Bust It Baby Part 2 ft. Ne-Yo
50%
14 2007 Hypnotized ft. Akon
50%
66 2008 Please Excuse My Hands ft. Jamie Foxx & The-Dream
50%
24 2010 Hey Daddy (Daddy's Home) (Usher)
40%
38 2008 Out Here Grindin (DJ Khaled) ft. Akon, Jeezy, Rick Ross, Ace Hood, Trick Daddy & Lil' Boosie
40%
95 2018 Rock
40%
100 2017 Real Hitta ft. Kodak Black
30%
36 2009 Wasted (Gucci Mane)
30%
79 2011 Welcome To My Hood (DJ Khaled) ft. Rick Ross, Lil Wayne & T-Pain
30%
35 2010 Lose My Mind (Jeezy)
20%
88 2009 What I Do (Chris Brown)
10%
No matching quizzes found
Score Distribution
Percent of People with Each Score
Percentile by Number Answered
Your Score History
You have not taken this quiz since the last reset